Our young folks /

Bibliographic Details
Main Author: Fisher, Dorothy Canfield, 1879-1958
Format: Book
Language:English
Published: New York : Harcourt, Brace and company, [1943]
Edition:"First edition.".
Subjects:

MARC

Tag First Indicator Second Indicator Subfields
LEADER 00000cam a2200000 4500
001 in00000069073
005 20151008051357.0
008 750507s1943 nyu 00000 eng u
010 |a  43051294  
035 |a (OCoLC)01317402 
035 |9 AAG7501AM 
040 |c DZM  |d TXA  |d UtOrBLW 
049 |a TXAM  |c [113405] 
050 0 0 |a HQ796  |b .F62 
082 0 |a 326.7 
092 |a 362.7  |b F533o 
100 1 |a Fisher, Dorothy Canfield,  |d 1879-1958. 
245 1 0 |a Our young folks /  |c [by] Dorothy Canfield Fisher. 
250 |a "First edition.". 
264 1 |a New York :  |b Harcourt, Brace and company,  |c [1943] 
300 |a xviii., 329 pages :  |b illustrations, diagrams ;  |c 20 1/2 cm. 
336 |a text  |b txt  |2 rdacontent 
337 |a unmediated  |b n  |2 rdamedia 
338 |a volume  |b nc  |2 rdacarrier 
650 0 |a Youth. 
999 |a MARS 
999 f f |s bf888768-9c32-3d20-b4f8-1bdbad6c2ece  |i 78f3aec6-9b2b-31f1-8bed-e84459745eea  |t 0 
952 f f |p ric  |a Texas A&M University  |b Rellis Campus  |c Joint Library Facility  |d Remote Storage  |t 0  |e HQ796 .F62  |h Library of Congress classification  |i unmediated -- volume  |m A14800810606 
998 f f |a HQ796 .F62  |t 0  |l Remote Storage